Cargando...

തിന്മയുടെ ഇതിഹാസം അഥവാ ഇട്ടിക്കോരയുടെ പ്രതി യാത്രകള്‍

Detalles Bibliográficos
Outros autores: എ എം ശ്രീധരൻ (എഡി.), A M Sreedharan(Edi.)
Formato: Printed Book
Publicado: Kottayam; D C Books; 2016
Edición:1st
Subjects:
LEADER 00879nam a22001937a 4500
020 |a 978-81-264-6611-5 
082 |a 807  |b SRE/T Q6 
240 |a Thanmayude Ithihasam Adhava Ittikkorayude Prathiyathrakal 
245 |a തിന്മയുടെ ഇതിഹാസം അഥവാ ഇട്ടിക്കോരയുടെ പ്രതി യാത്രകള്‍ 
250 |a 1st 
260 |a Kottayam;  |b D C Books;  |c 2016 
300 |a 176p. 
650 |a മലയാളം; സാഹിത്യ പഠനം   |9 236855 
650 |a Malayalam; Literary Study  |9 236856 
700 |a എ എം ശ്രീധരൻ (എഡി.)  |9 236857 
700 |a A M Sreedharan(Edi.)  |9 236858 
942 |c BK 
999 |c 58754  |d 58754 
952 |0 0  |1 0  |4 0  |6 807_000000000000000_SRE_T_Q6  |7 0  |8 LITTSTUD  |9 70261  |a MAL  |b MAL  |d 2016-07-29  |e 58681  |g 170.00  |l 0  |o 807 SRE/T Q6  |p MAL058681  |r 2016-07-29  |t 1  |w 2016-07-29  |y BK